000
00441nam a2200157Ia 4500
008
090124s9999 xx 000 0 und d
082
_b
26650
_a
6890
100
_a
अत्रे वसंत
245
_a
शरद् वसंत
250
_a
0
600
_a
अत्रे वसंत
630
_a
शरद् वसंत
700
_a
अत्रे वसंत
730
_a
शरद् वसंत
942
_c
BOOK
999
_c
140122
_d
140122